• 首页
  • 本馆介绍
  • 公告通知
  • 最新文献
  • 馆藏检索
  • 电子资源
  • 读者导购
  • 参考咨询
  • 我的图书馆
  • 登录
  • 详细信息显示
  • 放入我的书架
  • 预约/预借图书
  • 作者相关作品
  • 分类相关作品
  • 丛书相关作品
  • 出版社相关作品

书目信息

  • 表格格式
  • 工作单格式
  • 卡片格式
题名:
奥林匹斯山之巅
    
 
作者: 伯特曼 著 ;韩松 译
分册:  
出版信息: 上海   复旦大学出版社  2005
页数: 253页
开本: 21cm
丛书名: 经典文库
单 册:
中图分类: K125
科图分类:
主题词:
电子资源:
ISBN: 7-309-04296-4
000 01167oam2 2200313 45
001 060000024376
005 20051129104228.14
010    @a7-309-04296-4@dCNY18.00
092    @aCN
100    @a20050331d2005 ekmy0chiy0120 ea
101 1  @achi@ceng
102    @aCN@b310000
105    @ay z 001yy
200 1  @a奥林匹斯山之巅@9ao lin pi si shan zhi dian@d= Climbing Olympus What You Can Learn from Greek Myth and Wisdom@e破译古希腊神话故事@f(美)斯蒂芬·伯特曼著@F(mei)si di fen·bo te man zhu@g韩松译@zeng
210    @a上海@c复旦大学出版社@d2005
215    @a253页@d21cm
225 2  @a经典文库
320    @a有索引:第239-253页
330    @a本书为您昭示如何将古希腊人的激情与卓越注入您的日常生活,在现代社会善用古希腊智慧的八大支柱:人本主义、追求卓越、处世中庸、自知之明、理性主义、永远好奇、热爱自由、个人主义。
461  0 @12001 @a经典文库
510 1  @aClimbing Olympus What You Can Learn from Greek Myth and Wisdom@zeng
607    @a古希腊@x历史
607    @a古希腊
690    @aK125@v4
701  0 @a伯特曼@Abo te man@4著
702  0 @a韩松@9han song@4译
801  0 @aCN@bCXYBOOK@c20051129
905    @a10447@dK125@e122
999    @aHSJ@eDF
    
    奥林匹斯山之巅= Climbing Olympus What You Can Learn from Greek Myth and Wisdom:破译古希腊神话故事/(美)斯蒂芬·伯特曼著/韩松译.-上海:复旦大学出版社,2005
    253页;21cm.-(经典文库)
    
    
    ISBN 7-309-04296-4:CNY18.00
    本书为您昭示如何将古希腊人的激情与卓越注入您的日常生活,在现代社会善用古希腊智慧的八大支柱:人本主义、追求卓越、处世中庸、自知之明、理性主义、永远好奇、热爱自由、个人主义。
●
相关链接 在E读中查询图书 在五车中查询图书 在当当中查询图书 在豆瓣中查询图书


正题名:奥林匹斯山之巅     索取号:K125/122         预约/预借

序号 登录号 条形码 馆藏地/架位号 状态 备注
1 0369670   203696704   第二样本阅览室/ [索取号:K125/122] 在馆    
2 0369671   203696713   第二借阅区/ [索取号:K125/122] 在馆    
3 0369672   203696722   第二借阅区/ [索取号:K125/122] 在馆    
4 0369673   203696731   第二借阅区/ [索取号:K125/122] 在馆    
5 0369674   203696740   第二借阅区/ [索取号:K125/122] 在馆    
唐山师范学院图书馆 欢迎您!
大连网信软件有限公司© 版权所有